Les Simpson - Chronologie (Noël) - Statistiques

Statistiques générales
  • Ce quiz a été pris 24 fois
  • Le résultat moyen est 5 sur 10
Statistiques - réponses
Question Réponse % Correct
Que s'est-il passé en premier ? Les Simpson adoptent Petit Papa Noël
100%
Que s'est-il passé en premier ? Bart vole un jeu dans un magasin
80%
Que s'est-il passé en premier ? Gil squatte chez Les Simpson
80%
Que s'est-il passé en premier ? Bart met le feu à leur sapin et aux cadeaux
60%
Que s'est-il passé en premier ? Lisa change de religion
60%
Que s'est-il passé en premier ? Bart vole un jeu dans un magasin
40%
Que s'est-il passé en premier ? l'épisode se déroule dans le futur
40%
Que s'est-il passé en premier ? Lisa change de religion
40%
Que s'est-il passé en premier ? Springfield est la seule ville du pays à avoir de la neige à Noël
20%
Que s'est-il passé en premier ? une entreprise espionne l'école pour créer un nouveau jouet
20%
Aucun quiz correspondant
Distribution des résultats
% des personnes avec chaque résultat
Percentile par nombre de réponses
Votre historique - résultats
Vous n’avez pas pris ce quiz